Manažment COVID-19 na Slovensku a etika

Názory a postoje dospelých ľudí týkajúce sa manažovania postupov na Slovensku pri predstavovaní proti-pandemických opatrení v rámci Covid-19.

Salvato in:
Dettagli Bibliografici
Autore principale: Andrási, Imrich
Altri autori: Littva, Vladimír, Kutiš, Peter
Natura: Capitolo di libro
Lingua:slovacco
Soggetti:
Tags: Aggiungi Tag
Nessun Tag, puoi essere il primo ad aggiungerne!!

MARC

LEADER 00000naa a2200000 4500
001 0288162
005 20240417075216.2
041 0 |a slo 
044 |a CZ 
245 1 0 |a Manažment COVID-19 na Slovensku a etika  |c Imrich Andrási, Vladimír Littva, Peter Kutiš 
520 |a Názory a postoje dospelých ľudí týkajúce sa manažovania postupov na Slovensku pri predstavovaní proti-pandemických opatrení v rámci Covid-19. 
610 2 0 |a etika 
610 2 0 |a manažment 
610 2 0 |a koronavírus 
610 2 0 |a starostlivosť zdravotná 
610 2 0 |a očkovanie 
100 1 |a Andrási, Imrich 
700 1 |a Littva, Vladimír 
700 1 |a Kutiš, Peter